| 000 | 00913nam a2200217 a 4500 | ||
|---|---|---|---|
| 008 | 130326s2010 ||||||||||||||||| || u | ||
| 020 | _a9780199213931 | ||
| 050 | _aQH 96.57 LAM | ||
| 100 | _aLampert, Winfried | ||
| 245 | 1 | 0 |
_aLimnoecology: the ecology of lakes and streams. (2nd ed.) _cby Winfried Lampert [and] Ulrich Sommer |
| 250 | _a2nd ed. | ||
| 260 |
_aNew York _bOxford University Press _c2010 |
||
| 300 | _aix, 324p. : ill | ||
| 500 | _ait includes the bibliography | ||
| 650 | _aLIMNOLOGY | ||
| 650 | 0 | _aLAKE ECOLOGY | |
| 650 | _aSTREAM ECOLOGY | ||
| 700 | _aSommer,Ulrich | ||
| 995 |
_aMAIN LIBRARY OPEN ACCESS _e743469 _FCBU-MAIN LIBRARY (Kitwe) _jQH 96.57 LAM _M2 _UAVAILABLE _WJun 11, 2013 _y743469 _ZMain Library Open Access Collection |
||
| 995 |
_aMAIN LIBRARY OPEN ACCESS _e743468 _FCBU-MAIN LIBRARY (Kitwe) _jQH 96.57 LAM _M1 _UAVAILABLE _WJun 11, 2013 _y743468 _ZMain Library Open Access Collection |
||
| 999 |
_c82200 _d82200 |
||